Naturaleza y propiedades de los suelos: texto de Edafología para enseñanza

Salvato in:
Dettagli Bibliografici
Autore principale: Buckman, Harry Oliver
Altri autori: Brady, Nyle C
Natura: Libro
Lingua:spagnolo
Pubblicazione: Ciudad de México, México UTEHA 1993
Soggetti:
Tags: Aggiungi Tag
Nessun Tag, puoi essere il primo ad aggiungerne!!

MARC

LEADER 00000nam a2200000 a 4500
001 UCY1487
003 CL-VaPUC
005 20201110001552.0
008 940905e19930000MX |||||||||||||||||spa|d
999 |c 230178  |d 230176 
040 |c Pontificia Universidad Católica de Valparaíso 
082 0 4 |a 631.4 BUC 1993  |2 21 
100 0 |a Buckman, Harry Oliver  |9 329491 
245 1 0 |a Naturaleza y propiedades de los suelos: texto de Edafología para enseñanza 
260 0 3 |a Ciudad de México, México  |b UTEHA  |c 1993 
300 |a 590 páginas 
583 |a last modification  |c 19940905 00:00:00  |k Rodrigo Vera 
650 7 |a EDAFOLOGIA  |2 CL-VaPUC  |9 329493 
650 0 |a Suelos  |9 260322 
650 7 |a COMPOSICI0N DE SUELOS  |2 CL-VaPUC  |9 329494 
700 0 |a Brady, Nyle C  |9 329492 
942 |c BK  |2 ddc 
945 |d 19940905 00:00:00  |a mfernand 
952 |0 0  |1 0  |2 ddc  |4 0  |6 631_400000000000000_BUC_1993  |7 0  |8 A  |9 232221  |a BIBING  |b BIBING  |d 2019-11-15  |i 3017753  |o 631.4 BUC 1993  |p 3017753  |r 2025-01-20  |t 2  |w 2019-11-15  |y BK  |k GEO